Sunlight to electricity : (Record no. 11956)
[ view plain ]
| 000 -LEADER | |
|---|---|
| fixed length control field | 00764pam a2200241 i 4500 |
| 001 - CONTROL NUMBER | |
| control field | 4106463 |
| 005 - DATE AND TIME OF LATEST TRANSACTION | |
| control field | 20170119100444.0 |
| 008 - FIXED-LENGTH DATA ELEMENTS--GENERAL INFORMATION | |
| fixed length control field | 750307s1975 maua b 001 0 eng |
| 010 ## - LIBRARY OF CONGRESS CONTROL NUMBER | |
| LC control number | 75006933 |
| 020 ## - INTERNATIONAL STANDARD BOOK NUMBER | |
| International Standard Book Number | 0262131161 |
| 040 ## - CATALOGING SOURCE | |
| Original cataloging agency | DLC |
| Transcribing agency | DLC |
| Modifying agency | DLC |
| 050 00 - LIBRARY OF CONGRESS CALL NUMBER | |
| Classification number | TK2960 |
| Item number | .M47 |
| 082 00 - DEWEY DECIMAL CLASSIFICATION NUMBER | |
| Classification number | 338.4762131213 |
| Edition number | 22 |
| Item number | MER |
| 100 1# - MAIN ENTRY--PERSONAL NAME | |
| Personal name | Merrigan, Joseph A. |
| 9 (RLIN) | 6667 |
| 245 10 - TITLE STATEMENT | |
| Title | Sunlight to electricity : |
| Remainder of title | prospects for solar energy conversion by photovoltaics / |
| Statement of responsibility, etc | Joseph A. Merrigan. |
| 260 ## - PUBLICATION, DISTRIBUTION, ETC. (IMPRINT) | |
| Place of publication, distribution, etc | Cambridge, Mass. : |
| Name of publisher, distributor, etc | MIT Press, |
| Date of publication, distribution, etc | 1975 |
| 300 ## - PHYSICAL DESCRIPTION | |
| Extent | xi, 163 p. : |
| Other physical details | ill. ; |
| Dimensions | 23 cm. |
| 500 ## - GENERAL NOTE | |
| General note | Includes index. |
| 504 ## - BIBLIOGRAPHY, ETC. NOTE | |
| Bibliography, etc | Bibliography: p. [147]-159. |
| 650 #0 - SUBJECT ADDED ENTRY--TOPICAL TERM | |
| Topical term or geographic name as entry element | Solar batteries. |
| 9 (RLIN) | 6668 |
| 650 #0 - SUBJECT ADDED ENTRY--TOPICAL TERM | |
| 9 (RLIN) | 6669 |
| Topical term or geographic name as entry element | Photovoltaic power generation |
| 942 ## - ADDED ENTRY ELEMENTS (KOHA) | |
| Source of classification or shelving scheme | Dewey Decimal Classification |
| Item type | Book - Borrowing |
| Withdrawn status | Item status | Source of classification or shelving scheme | Damaged status | Not for loan | Vendor | Home library | Current library | Shelving location | Date acquired | Source of acquisition | Cost, normal purchase price | Total Checkouts | Total Renewals | Full call number | Barcode | Date last seen | Date last borrowed | Koha item type |
|---|---|---|---|---|---|---|---|---|---|---|---|---|---|---|---|---|---|---|
| Dewey Decimal Classification | Alef-Baa | Central Library | Central Library | First floor | 23/06/2009 | 150.00 | 2 | 16 | 338.4762131213 MER | 000017028 | 15/07/2025 | 17/03/2014 | Book - Borrowing |